000 00482nam a2200181 i 4500
001 37512
003 ES-MaACL
005 20250918063024.0
007 t|
008 030313s1921 fr ||||1| fre d
100 1 _aColette,
_d1873-1954
_9161423
245 1 0 _aSept dialogues de bêtes /
_cColette Willy.
250 _a24ème ed.
260 _aParis :
_bMercure de France,
_c1921.
300 _a181 p. ;
_c20 cm.
852 _aES-MaACL
_jG-8950
999 _c37512
_d37512